Making Decisions (Record no. 1140)

000 -LEADER
fixed length control field 00516nam a22002057a 4500
003 - CONTROL NUMBER IDENTIFIER
control field OSt
005 - DATE AND TIME OF LATEST TRANSACTION
control field 20140116120847.0
008 - FIXED-LENGTH DATA ELEMENTS--GENERAL INFORMATION
fixed length control field 130417b xxu||||| |||| 00| 0 eng d
050 ## - LIBRARY OF CONGRESS CALL NUMBER
Classification number QA 279.4 .L56 1986
100 ## - MAIN ENTRY--PERSONAL NAME
Personal name Lindley V. D
245 ## - TITLE STATEMENT
Title Making Decisions
Statement of responsibility, etc D.V Lindley
250 ## - EDITION STATEMENT
Edition statement 3rd ed.
260 ## - PUBLICATION, DISTRIBUTION, ETC. (IMPRINT)
Place of publication, distribution, etc London:
Name of publisher, distributor, etc John Wiley & Sons,
Date of publication, distribution, etc c1986
300 ## - PHYSICAL DESCRIPTION
Extent xi, 207p.:
Other physical details ill.;
500 ## - GENERAL NOTE
General note Has glossary
504 ## - BIBLIOGRAPHY, ETC. NOTE
Bibliography, etc Includes Index
650 ## - SUBJECT ADDED ENTRY--TOPICAL TERM
Topical term or geographic name as entry element Probabilities
650 ## - SUBJECT ADDED ENTRY--TOPICAL TERM
Topical term or geographic name as entry element Decision making
942 ## - ADDED ENTRY ELEMENTS (KOHA)
Source of classification or shelving scheme
Koha item type Book
Holdings
Withdrawn status Lost status Source of classification or shelving scheme Damaged status Not for loan Home library Current library Date acquired Total Checkouts Full call number Barcode Date last seen Copy number Price effective from Koha item type
          Riara University Library Riara University Library 17/04/2013   QA 279.4 .L56 1986 3796/12 17/04/2013 c.1 17/04/2013 Book
          Riara University Library Riara University Library 17/04/2013   QA 279.4 .L56 1986 3804/12 17/04/2013 c.2 17/04/2013 Book
          Riara University Library Riara University Library 17/04/2013   QA 279.4 .L56 1986 3803/12 17/04/2013 c.3 17/04/2013 Book

Riara University Library,
P.O. Box 49940-00100,
Nairobi, Kenya.